000 00287nam a22001337a 4500
008 170503b xxu||||| |||| 00| 0 eng d
020 _a9780073401584
041 _aeng
080 _27 ED
_a343.9
100 _a13
101 _aSHJ
245 _aCRIMONOLOGY
_cADLER.F
942 _2udc
_cBK
999 _c12524
_d12524